Nástroje controllingu od A do Z [přehledné a srozumitelné metody v řízení podniku]

Gespeichert in:
Bibliographische Detailangaben
1. Verfasser: Vollmuth, Hilmar J.
Weitere Verfasser: Sladká, Ludmila, Vysušil, Jiří
Format: Buch
Sprache:Tschechisch
Veröffentlicht: Praha Profess Consulting 2004
Ausgabe:2. vyd.
Schriftenreihe:Poradce controllingu
Schlagworte:
Tags: Tag hinzufügen
Keine Tags, Fügen Sie das erste Tag hinzu!

MARC

LEADER 00000nam$a2200000$$$4500
001 0023157
005 20240315114605.7
020 |a 80-7259-032-4 
041 0 |a cze 
044 |a CZ 
245 1 0 |a Nástroje controllingu od A do Z  |b [přehledné a srozumitelné metody v řízení podniku]  |c Hilmar J. Vollmuth ; překlad: Ludmila Sladká, Jiří Vysušil 
250 |a 2. vyd. 
264 1 |a Praha  |b Profess Consulting  |c 2004 
300 |a 357 s. 
490 1 |a Poradce controllingu 
830 0 |a Poradce controllingu 
610 2 0 |a kontroling 
610 2 0 |a riadenie podnikové 
610 2 0 |a analýzy 
610 2 0 |a poradenstvo 
100 1 |a Vollmuth, Hilmar J. 
700 1 |a Sladká, Ludmila 
700 1 |a Vysušil, Jiří